OpenGL reference manual : the official reference document to OpenGL, version 1.1

Αποθηκεύτηκε σε:
Λεπτομέρειες βιβλιογραφικής εγγραφής
Συγγραφή απο Οργανισμό/Αρχή: OpenGL Architecture Review Board
Άλλοι συγγραφείς: Kempf, Renate (Επιμελητής έκδοσης), Frazier, Chris (Επιμελητής έκδοσης)
Μορφή: Βιβλίο
Γλώσσα:English
Δημοσίευση: Reading, Mass : Addison-Wesley Developers Press, c1997
Έκδοση:2nd ed.
Θέματα:
Ετικέτες: Προσθήκη ετικέτας
Δεν υπάρχουν, Καταχωρήστε ετικέτα πρώτοι!

MARC

LEADER 00000cam a2200000 i 4500
001 1/95325
008 991206s1997 eng d
020 |a 0-201-46140-4 
035 |l 10055264 
040 |a GR-MY-UA  |b gre  |e aacr 
041 0 |a eng 
082 0 |a 006.66 
245 1 0 |a OpenGL reference manual :  |b the official reference document to OpenGL, version 1.1 /  |c OpenGL Architecture Review Board ; editors, Renate Kempf and Chris Frazier 
250 |a 2nd ed. 
260 |a Reading, Mass :   |b Addison-Wesley Developers Press,   |c c1997 
300 |a x, 490 p.;  |c 23 cm. 
630 0 0 |a OpenGL. 
650 0 0 |a Computer graphics. 
700 1 |a Kempf, Renate.  |4 edt 
700 1 |a Frazier, Chris.  |4 edt 
710 2 |a OpenGL Architecture Review Board. 
852 |a INST  |b SAMOS  |e 19991206  |h 006.66 OPE  |p 005300016490  |q 005300016490  |t BK  |y 0 
901 |a BIBL3-2000-2 
909 |a Σ  |b 070884 
922 |a 3ΕΛΗ  |b 199911  |c ΤΠΕΣ  |d ΠΑΠΑΣΩΤΗΡΙΟΥ 
950 |a 133-1999-07-20 
970 |z 2000/05/ΜΠΡΑΤΤΗΣ